000 00544nam a2200193 i 4500
001 bg
100 1 _aBarucki, Tadeusz
_d(1922- ).
245 0 _aMaciej Nowicki /
_cT. Barucki.
260 _aWarszawa,
_c1986.
490 1 _aArchitektura i Architekci Świata Współczesnego
630 0 9 _aNowicki Maciej
650 9 _aArchitektura
830 _aArchitektura i Architekci Świata Współczesnego
040 _cBPK
041 _apol
080 _a72.071(084.11):929(438)"19"A/Z
942 _cKS
008 s pl f |000 0 pol
999 _c23394
_d23394
856 _uhttp://koha.tu.koszalin.pl/cgi-bin/koha/opac-detail.pl?biblionumber=23394
_yKatalog online BPK